Experiences in language : tools and techniques for language arts methods /

Αποθηκεύτηκε σε:
Λεπτομέρειες βιβλιογραφικής εγγραφής
Κύριος συγγραφέας: Petty, Walrter T.
Άλλοι συγγραφείς: Becking, Marjorie F., Petty, Dorothy C.
Μορφή: Sách giấy
Γλώσσα:English
Έκδοση: Paris : Hermes* , 1985
Ετικέτες: Προσθήκη ετικέτας
Δεν υπάρχουν, Καταχωρήστε ετικέτα πρώτοι!
Thư viện lưu trữ: Thư viện Trường Đại học Đà Lạt
LEADER 00694nam a2200265 4500
001 DLU020016914
005 ##1/2/2001
020 # # |a 978- 
041 # # |a eng 
082 # # |a 372.6  |b PE-W 
100 # # |a Petty, Walrter T. 
245 # # |a Experiences in language :  |b tools and techniques for language arts methods /  |c Walrter T. Petty, Dorothy C. Petty, Becking Marjorie F. 
260 # # |a Paris :  |b Hermes* ,  |c 1985 
300 # # |a 498 tr.;   |c 24 cm. 
700 # # |a Becking, Marjorie F. 
700 # # |a Petty, Dorothy C. 
992 # # |a 0 
994 # # |a DLU 
900 # # |a False 
911 # # |a Administrator 
925 # # |a G 
926 # # |a A 
927 # # |a SH 
980 # # |a Thư viện Trường Đại học Đà Lạt